Trees & forests of America / (Record no. 1091)
[ view plain ]
| 000 -LEADER | |
|---|---|
| fixed length control field | 02497cam a2200409 a 4500 |
| 005 - DATE AND TIME OF LATEST TRANSACTION | |
| control field | 20260322212046.0 |
| 008 - FIXED-LENGTH DATA ELEMENTS--GENERAL INFORMATION | |
| fixed length control field | data |
| 010 ## - LIBRARY OF CONGRESS CONTROL NUMBER | |
| LC control number | 2008002985 |
| 015 ## - NATIONAL BIBLIOGRAPHY NUMBER | |
| National bibliography number | GBA894036 |
| Source | bnb |
| 016 7# - NATIONAL BIBLIOGRAPHIC AGENCY CONTROL NUMBER | |
| Record control number | 014680519 |
| Source | Uk |
| 020 ## - INTERNATIONAL STANDARD BOOK NUMBER | |
| International Standard Book Number | 9780810972940 |
| 020 ## - INTERNATIONAL STANDARD BOOK NUMBER | |
| International Standard Book Number | 0810972948 |
| 040 ## - CATALOGING SOURCE | |
| Original cataloging agency | DLC |
| Transcribing agency | DLC |
| Modifying agency | DLC |
| -- | BAKER |
| -- | BTCTA |
| -- | UKM |
| -- | YDXCP |
| -- | JED |
| -- | GPI |
| -- | ZJI |
| -- | Q2Z |
| -- | CQU |
| -- | DLC |
| 043 ## - GEOGRAPHIC AREA CODE | |
| Geographic area code | n-us--- |
| 050 00 - LIBRARY OF CONGRESS CALL NUMBER | |
| Classification number | TR726.T7 |
| Item number | P35 2008 |
| 082 00 - DEWEY DECIMAL CLASSIFICATION NUMBER | |
| Classification number | 779/.30973 |
| Edition information | 22 |
| 092 ## - LOCALLY ASSIGNED DEWEY CALL NUMBER (OCLC) | |
| Classification number | 779.3 Pal 2008 |
| 001 - CONTROL NUMBER | |
| control field | data |
| 100 1# - MAIN ENTRY--PERSONAL NAME | |
| Personal name | Palmer, Tim, |
| Dates associated with a name | 1948- |
| 245 10 - TITLE STATEMENT | |
| Title | Trees & forests of America / |
| Statement of responsibility, etc. | Tim Palmer. |
| 246 3# - VARYING FORM OF TITLE | |
| Title proper/short title | Trees and forests of America |
| 260 ## - PUBLICATION, DISTRIBUTION, ETC. | |
| Place of publication, distribution, etc. | New York : |
| Name of publisher, distributor, etc. | Abrams, |
| Date of publication, distribution, etc. | 2008. |
| 300 ## - PHYSICAL DESCRIPTION | |
| Extent | 223 p. : |
| Other physical details | col. ill. , 1 col. map ; |
| Dimensions | 30 cm. |
| 500 ## - GENERAL NOTE | |
| General note | Map on lining paper. |
| 504 ## - BIBLIOGRAPHY, ETC. NOTE | |
| Bibliography, etc. note | Includes bibliographical references and index. |
| 505 0# - FORMATTED CONTENTS NOTE | |
| Formatted contents note | The way to the woods -- Arboreal visions of wild America -- The life of a tree -- The nature of the forest -- Sylvania -- The Northern forest -- Central hardwoods and the Appalachians -- The South -- Rocky Mountains -- Drylands and deserts -- Sierra Nevada and Southern California -- The Northwest -- Alaska and Hawaii --Remnants and regrowth -- Seeing the trees and the forest. |
| 520 ## - SUMMARY, ETC. | |
| Summary, etc. | Trees & Forests of America is an unprecedented collection of 200 stunning photographs by award-winning author Tim Palmer. Along with breath-taking images, his expressive text celebrates the exquisite beauty of nature and explains why trees and forests are important to all life. In this remarkable volume of unaltered photos it is easy to get lost in sunbeams shining through green canopies or in the sky-reaching rise of the largest living organisms on earth. |
| 600 10 - SUBJECT ADDED ENTRY--PERSONAL NAME | |
| Personal name | Palmer, Tim, |
| Dates associated with a name | 1948- |
| 650 #0 - SUBJECT ADDED ENTRY--TOPICAL TERM | |
| Topical term or geographic name entry element | Photography of trees. |
| 650 #0 - SUBJECT ADDED ENTRY--TOPICAL TERM | |
| Topical term or geographic name entry element | Trees |
| Geographic subdivision | United States |
| Form subdivision | Pictorial works. |
| 650 #0 - SUBJECT ADDED ENTRY--TOPICAL TERM | |
| Topical term or geographic name entry element | Forests and forestry |
| Geographic subdivision | United States |
| Form subdivision | Pictorial works. |
| 856 42 - ELECTRONIC LOCATION AND ACCESS | |
| Materials specified | Contributor biographical information |
| Uniform Resource Identifier | <a href="http://www.loc.gov/catdir/enhancements/fy1003/2008002985-b.html">http://www.loc.gov/catdir/enhancements/fy1003/2008002985-b.html</a> |
| 856 42 - ELECTRONIC LOCATION AND ACCESS | |
| Materials specified | Publisher description |
| Uniform Resource Identifier | <a href="http://www.loc.gov/catdir/enhancements/fy1003/2008002985-d.html">http://www.loc.gov/catdir/enhancements/fy1003/2008002985-d.html</a> |
| 906 ## - LOCAL DATA ELEMENT F, LDF (RLIN) | |
| a | 7 |
| b | cbc |
| c | orignew |
| d | 1 |
| e | ecip |
| f | 20 |
| g | y-gencatlg |
| 925 0# - | |
| -- | acquire |
| -- | 2 shelf copies |
| -- | policy default |
| 955 ## - COPY-LEVEL INFORMATION (RLIN) | |
| -- | jf04 2008-01-22 to Dewey |
| -- | rc10 2009-12-03 Z-CipVer |
| Withdrawn status | Lost status | Damaged status | Not for loan | Home library | Current library | Shelving location | Date acquired | Total checkouts | Full call number | Barcode | Date last seen | Price effective from | Koha item type |
|---|---|---|---|---|---|---|---|---|---|---|---|---|---|
| Centerville | Centerville | General stacks | 22/03/2026 | 779/.30973 22 | BC0011125 | 22/03/2026 | 22/03/2026 | Books |